Fr. Conceicao Rodrigues College of Engineering

Industrial disputes act 1947 (Record no. 33702)

MARC details
000 -LEADER
fixed length control field 00314nam a2200145Ia 4500
082 ## - DEWEY DECIMAL CLASSIFICATION NUMBER
Classification number 344.018
100 ## - MAIN ENTRY--PERSONAL NAME
Personal name Dwivedi/ S.L.Pub.
245 ## - TITLE STATEMENT
Title Industrial disputes act 1947
260 ## - PUBLICATION, DISTRIBUTION, ETC.
Name of publisher, distributor, etc. Labour law agency
Place of publication, distribution, etc. Bombay
Date of publication, distribution, etc. 1981
300 ## - PHYSICAL DESCRIPTION
Extent 116
546 ## - LANGUAGE NOTE
Language note ENGLISH
650 ## - SUBJECT ADDED ENTRY--TOPICAL TERM
Topical term or geographic name entry element General
654 ## - SUBJECT ADDED ENTRY--FACETED TOPICAL TERMS
Focus term Act
942 ## - ADDED ENTRY ELEMENTS (KOHA)
Koha item type BOOK
Holdings
Withdrawn status Lost status Damaged status Not for loan Collection Home library Current library Date acquired Source of acquisition Cost, normal purchase price Inventory number Total Checkouts Full call number Barcode Date last seen Cost, replacement price Price effective from Koha item type
        AFT Fr. Agnel's C.Rodrigues College of Engineering Fr. Agnel's C.Rodrigues College of Engineering 17/03/2023 Sterling Book House 15.00 4433   344.018 AFT3063 17/03/2023 15.00 17/03/2023 BOOK